Welcome to CU Library Online Public Access Catalogue (OPAC)

Genetics / (Record no. 2141)

MARC details
000 -LEADER
fixed length control field 00549pam a2200193 a 4500
001 - CONTROL NUMBER
control field 4905592
005 - DATE AND TIME OF LATEST TRANSACTION
control field 20241213115902.0
008 - FIXED-LENGTH DATA ELEMENTS--GENERAL INFORMATION
fixed length control field 940331s1995 paua b 001 0 eng
020 ## - INTERNATIONAL STANDARD BOOK NUMBER
International Standard Book Number 9780874346763
050 00 - LIBRARY OF CONGRESS CALL NUMBER
Classification number QH440.2
Item number .B46 1995
082 00 - DEWEY DECIMAL CLASSIFICATION NUMBER
Classification number 575.1
Edition information 20
100 1# - MAIN ENTRY--PERSONAL NAME
Personal name Benner, Michael.
245 10 - TITLE STATEMENT
Title Genetics /
Statement of responsibility, etc. Michael Benner.
260 ## - PUBLICATION, DISTRIBUTION, ETC.
Place of publication, distribution, etc. Springhouse, Pa. :
Name of publisher, distributor, etc. Springhouse Corp.,
Date of publication, distribution, etc. c1995.
300 ## - PHYSICAL DESCRIPTION
Extent viii, 182 p. :
Other physical details ill. ;
Dimensions 23 cm.
440 #0 - SERIES STATEMENT/ADDED ENTRY--TITLE
Title Applied science review
650 #0 - SUBJECT ADDED ENTRY--TOPICAL TERM
Topical term or geographic name entry element Genetics
General subdivision Outlines, syllabi, etc.
942 ## - ADDED ENTRY ELEMENTS (KOHA)
Source of classification or shelving scheme Library of Congress Classification
Koha item type Books
Suppress in OPAC No
999 ## -
-- 2141
-- 2141
Holdings
Withdrawn status Lost status Source of classification or shelving scheme Damaged status Not for loan Collection Home library Current library Shelving location Date acquired Total checkouts Full call number Barcode Date last seen Copy number Price effective from Koha item type
    Library of Congress Classification     Non-fiction Science Library (Miotso) Science Library (Miotso) General stacks 12/13/2024   QH440 BEN SLM00001306 12/13/2024 1 12/13/2024 Books
    Library of Congress Classification     Non-fiction Science Library (Miotso) Science Library (Miotso) General stacks 12/13/2024   QH440 BEN SLM00001307 12/13/2024 2 12/13/2024 Books
    Library of Congress Classification     Non-fiction Science Library (Miotso) Science Library (Miotso) General stacks 12/13/2024   QH440 BEN SLM00001308 12/13/2024 3 12/13/2024 Books
    Library of Congress Classification     Non-fiction Science Library (Miotso) Science Library (Miotso) General stacks 12/13/2024   QH440 BEN SLM00001309 12/13/2024 4 12/13/2024 Books
    Library of Congress Classification     Non-fiction Science Library (Miotso) Science Library (Miotso) General stacks 12/13/2024   QH440 BEN SLM00001310 12/13/2024 5 12/13/2024 Books
    Library of Congress Classification     Non-fiction Science Library (Miotso) Science Library (Miotso) General stacks 12/13/2024   QH440 BEN SLM00001311 12/13/2024 6 12/13/2024 Books
    Library of Congress Classification     Non-fiction Science Library (Miotso) Science Library (Miotso) General stacks 12/13/2024   QH440 BEN SLM00001312 12/13/2024 7 12/13/2024 Books
    Library of Congress Classification     Non-fiction Science Library (Miotso) Science Library (Miotso) General stacks 12/13/2024   QH440 BEN SLM00001313 12/13/2024 8 12/13/2024 Books
    Library of Congress Classification     Non-fiction Science Library (Miotso) Science Library (Miotso) General stacks 12/13/2024   QH440 BEN SLM00001314 12/13/2024 9 12/13/2024 Books
© 2023-2024 Copyright: Central University Libraries. All Rights Reserved | Created by: Mahone Tech Office